00482nam a22001697a 450000500170000001000150001702000260003203500140005803700130007208200150008510000180010024500500011826000350016827000700020330000200027350000190029320151013114554.0 aENG-113767 a9789383334964c695.00 aEN- 97299 bDBAD/PUB a954.035092 aSharma, Gopal aYouth icon Narendra Modi /cby Gopal Sharma  aDelhibA.K. Publicationsc2015 aB-61./E-1, Gali No.14, Jagat Puri Extn. Shahdara bDelhi e110093 a181p.c22cm(Hb) aIncludes index